000 00190 a2200097 4500
001 1067
100 _aDawson,C.L.
245 _aElectrical
260 _a
_bMcgraw-Hill
_c
090 _c632
_d632
942 _aNUST-CAE
_cM
_c32845
999 _c236140
_d236140